| 000 | 00874nam a2200289Ia 4500 | ||
|---|---|---|---|
| 001 | Para_8348 | ||
| 003 | CHAP | ||
| 008 | 220125s1921 xx 000 0 und d | ||
| 010 | _a207210 | ||
| 040 | _cCHAP | ||
| 082 | _aPA-C 595.752 A6 | ||
| 100 |
_aDavidson, W. M. _931193 |
||
| 245 |
_aThe grape phylloxera in california / _c by W.M. Davidson |
||
| 260 |
_aWashington : _b USDA |
||
| 300 | _a128 p. | ||
| 440 |
_aAphidae; 12 _9173708 |
||
| 500 | _aEncuadernado con otros impresos similares | ||
| 650 |
_a _x Afididos _x Colecciones de escritos _x Phylloxera vitifoliae _x Vid _x plagas _9173739 |
||
| 710 |
_aEUA. Department of Agriculture: Bulletin; 903 _9173740 |
||
| 901 | _aPA-C 595.752 A6 | ||
| 902 | _aA | ||
| 905 | _a0000001921 a 0000000000 00 | ||
| 910 | _a1921 | ||
| 942 | _cPARA | ||
| 942 |
_cPARA _d1 |
||
| 999 |
_c207210 _d207210 |
||